00693nam a2200229 a 4500001001300000003000900013005001700022008004100039020001000080082001600090100002000106245002900126260003200155300000900187500003500196505006500231700002000296902000800316942000700324952011700331999001500448nice12345678IN_TiNIC20260116013138.0050524s1980 lona grp 000 0 eng  ac44000a297.4bSHA9 aShah, Ikbal Ali aEscape from Central Asia aLondonbOctagon Pressc1980 a179p aincludes index and biblioraphy2 aEnglish Rendering Muhammad Akbnar Muradpuri, Abul Aziz Kamal1 aShah, Ikbal Ali bSRS cBK 001040708StackRoom-aHMIbHMId2008-03-07g440.00l0o297.4 SHA9p018549r2008-03-07v440.00w2005-05-24yBK c9853d9853